Economic Reform and the Demand for Money in China.

Error correction models of the demand for a range of monetary aggregates in China are estimated with quarterly data for the period 1983-88. The estimated models fit the data reasonably well and appear to be relatively stable. Money demand is found to be sensitive to changes in expected inflation. In...

תיאור מלא

מידע ביבליוגרפי
מחבר תאגידי: International Monetary Fund
פורמט: כתב-עת
שפה:English
יצא לאור: Washington, D.C. : International Monetary Fund, 1990.
סדרה:IMF Working Papers; Working Paper ; No. 1990/042
גישה מקוונת:Full text available on IMF
LEADER 01958cas a2200241 a 4500
001 AALejournalIMF007749
008 230101c9999 xx r poo 0 0eng d
020 |c 5.00 USD 
020 |z 9781451975543 
022 |a 1018-5941 
040 |a BD-DhAAL  |c BD-DhAAL 
110 2 |a International Monetary Fund. 
245 1 0 |a Economic Reform and the Demand for Money in China. 
264 1 |a Washington, D.C. :  |b International Monetary Fund,  |c 1990. 
300 |a 1 online resource (28 pages) 
490 1 |a IMF Working Papers 
500 |a <strong>Off-Campus Access:</strong> No User ID or Password Required 
500 |a <strong>On-Campus Access:</strong> No User ID or Password Required 
506 |a Electronic access restricted to authorized BRAC University faculty, staff and students 
520 3 |a Error correction models of the demand for a range of monetary aggregates in China are estimated with quarterly data for the period 1983-88. The estimated models fit the data reasonably well and appear to be relatively stable. Money demand is found to be sensitive to changes in expected inflation. In the case of currency, demand increases in the short term in response to an increase in expected inflation even though there is a fall in demand in the long run. A 'cash-in-advance' explanation for this response pattern is suggested. It is also argued that the estimation results taken as a whole provide indirect evidence against the existence of substantial repressed inflation in China during the sample period. This is a working paper and the author would welcome any comments in the present text citatios should refer to and unpublished manuscript, mentioning the author and the date of issuance by the Internatinoal monetary Fund. 
538 |a Mode of access: Internet 
830 0 |a IMF Working Papers; Working Paper ;  |v No. 1990/042 
856 4 0 |z Full text available on IMF  |u http://elibrary.imf.org/view/journals/001/1990/042/001.1990.issue-042-en.xml  |z IMF e-Library